000
00300nam a2200121Ia 4500
008
190216s9999||||xx |||||||||||||| ||und||
100
_a
Charls P Kindleberger & Bruce Herrick
245
0
_a
Economic Developemt
260
_b
Mcgraw -hill
_c
1977
300
_a
397p
650
_a
Commerce
942
_c
BK
999
_c
4224
_d
4224